Routledge handbook of critical terrorism studies
Introduction: a decade of critical terrorism studies / Richard Jackson -- Critical approaches to the study of "terrorism" -- The emergence of terrorism studies as a field / Lisa Stampnitzky -- Critical terrorism studies after 9/11 / Lee Jarvis -- The real and the bluff : on the ontology of...
| Corporate Author: | |
|---|---|
| Contributors: | |
| Format: | Print Book |
| Language: | English |
| Published: |
London New York
Routledge, Taylor & Francis Group
2016
|
| In: | Year: 2016 |
| Online Access: |
Table of Contents |
| Availability in Tübingen: | Present in Tübingen. UB: KB 20 A 8587 |
| Check availability: | HBZ Gateway |
| Subito Delivery Service: | Order now. |
| Keywords: | |
| Parallel Edition: | Electronic
|
MARC
| LEADER | 00000cam a2200000 c 4500 | ||
|---|---|---|---|
| 001 | 838490239 | ||
| 003 | DE-627 | ||
| 005 | 20251224200735.0 | ||
| 007 | tu | ||
| 008 | 151105s2016 xxk||||| 00| ||eng c | ||
| 010 | |a 2015041527 | ||
| 020 | |a 9781138601147 |c pbk |9 978-1-138-60114-7 | ||
| 020 | |a 9780415743761 |c : (hbk) |9 978-0-415-74376-1 | ||
| 020 | |a 9781138601147 |c pbk |9 978-1-138-60114-7 | ||
| 024 | 3 | |a 9780415743761 | |
| 035 | |a (DE-627)838490239 | ||
| 035 | |a (DE-576)470447060 | ||
| 035 | |a (DE-599)GBV838490239 | ||
| 035 | |a (OCoLC)911799206 | ||
| 035 | |a (OCoLC)951752558 | ||
| 040 | |a DE-627 |b ger |c DE-627 |e rda | ||
| 041 | |a eng | ||
| 044 | |c XA-GB |c XD-US | ||
| 050 | 0 | |a HV6431 | |
| 082 | 0 | |a 363.325 |q LOC |2 23 | |
| 084 | |a 2,1 |2 ssgn | ||
| 084 | |a MD 8920 |2 rvk |0 (DE-625)rvk/122569: | ||
| 084 | |a 89.58 |2 bkl | ||
| 245 | 0 | 0 | |a Routledge handbook of critical terrorism studies |c edited by Richard Jackson |
| 246 | 3 | 3 | |a Critical terrorism studies |
| 246 | 3 | 3 | |a Handbook of critical terrorism studies |
| 264 | 1 | |a London |a New York |b Routledge, Taylor & Francis Group |c 2016 | |
| 300 | |a xv, 311 Seiten | ||
| 336 | |a Text |b txt |2 rdacontent | ||
| 337 | |a ohne Hilfsmittel zu benutzen |b n |2 rdamedia | ||
| 338 | |a Band |b nc |2 rdacarrier | ||
| 490 | 0 | |a Routledge handbooks | |
| 500 | |a Includes bibliographical references and index | ||
| 500 | |a Hier auch später erschienene, unveränderte Nachdrucke | ||
| 520 | |a Introduction: a decade of critical terrorism studies / Richard Jackson -- Critical approaches to the study of "terrorism" -- The emergence of terrorism studies as a field / Lisa Stampnitzky -- Critical terrorism studies after 9/11 / Lee Jarvis -- The real and the bluff : on the ontology of terrorism / Joseba Zulaika -- Critical epistemologies of terrorism / James Fitzgerald -- Post-structuralism and constructivism / Charlotte Heath-Kelly -- Critical theory and terrorism studies : ethics and emancipation / Harmonie Toros -- The historical materialist approach to critical terrorism studies / Douglas Porpora -- Methodology and the critical study of terrorism / Jacob Stump -- The nature and causes of "terrorism" -- The definition of "terrorism" / Timothy Shanahan -- The narrative of terrorism as an existential threat / Jessica Wolfendale -- New versus old terrorism / Alexander Spencer -- Religion and terrorism / Ioannis Tellidis -- Female terrorism and militancy / Caron Gentry and Laura E. Sjoberg -- State terrorism -- Understanding western state terrorism / Ruth Blakeley and Sam Raphael -- Torture / Robert Brecher -- Rendition in the "war on terror" / Sam Raphael and Ruth Blakeley -- Targeted killing and drone warfare / Laurie Calhoun -- Contemporary responses to terrorism -- The language of counterterrorism / Jack Holland -- Critical evaluation of counterterrorism / Sondre Lindahl -- A critical perspective on the global war on terror / Paul Rogers -- The governmentality of terrorism: uncertainty, risk management, and surveillance / Luca Mavelli -- Radicalization, de-radicalization, and counter-radicalization / Lasse Lindekilde -- Emerging debates -- Eco-terrorism and expansionary counter-terrorism / John Sorenson -- Media coverage of terrorism / Ben O-Loughlin -- Collective memory and terrorism / Charlotte Heath-Kelly -- Terrorism and peace studies / Ioannis Tellidis | ||
| 583 | 1 | |a Archivierung/Langzeitarchivierung gewährleistet |f SSG |x XA-DE-BW |2 pdager |5 DE-21 | |
| 650 | 0 | |a Terrorism |x Research | |
| 650 | 0 | |a Terrorism |x Political aspects |x Research | |
| 655 | 7 | |a Aufsatzsammlung |0 (DE-588)4143413-4 |0 (DE-627)105605727 |0 (DE-576)209726091 |2 gnd-content | |
| 689 | 0 | 0 | |d s |0 (DE-588)4059534-1 |0 (DE-627)106143212 |0 (DE-576)209131136 |a Terrorismus |2 gnd |
| 689 | 0 | 1 | |d s |0 (DE-588)4017894-8 |0 (DE-627)106328379 |0 (DE-576)208921524 |a Forschung |2 gnd |
| 689 | 0 | |5 (DE-627) | |
| 700 | 1 | |a Jackson, Richard |d 1967- |e HerausgeberIn |0 (DE-588)139999574 |0 (DE-627)614754577 |0 (DE-576)313887004 |4 edt | |
| 710 | 2 | |a George Routledge & Sons |g London |e Verlag |0 (DE-588)10009431-4 |0 (DE-627)319997316 |0 (DE-576)198203144 |4 pbl | |
| 776 | 1 | |z 9781315813462 |c : (ebk) | |
| 776 | 0 | 8 | |i Erscheint auch als |n Online-Ausgabe |t Routledge handbook of critical terrorism studies |d London : Routledge, 2016 |h 1 Online-Ressource (xv, 311 Seiten) |w (DE-627)1697983448 |z 9781315813462 |k Electronic |
| 856 | 4 | 2 | |u https://swbplus.bsz-bw.de/bsz470447060inh.htm |m B:DE-576;DE-Frei85 |q application/pdf |v 20160801122344 |x Verlag |3 Inhaltsverzeichnis |7 1 |
| 935 | |a mkri | ||
| 935 | |i Blocktest | ||
| 936 | r | v | |a MD 8920 |b Terror, Gewalt, Mord |k Politologie |k Politische Theorie, Grundbegriffe des Politischen |k Politische Auseinandersetzung |k Terror, Gewalt, Mord |0 (DE-627)1271426560 |0 (DE-625)rvk/122569: |0 (DE-576)201426560 |
| 936 | b | k | |a 89.58 |j Politische Gewalt |0 (DE-627)106416960 |
| 951 | |a BO | ||
| ELC | |b 1 | ||
| LOK | |0 000 xxxxxcx a22 zn 4500 | ||
| LOK | |0 001 3229793447 | ||
| LOK | |0 003 DE-627 | ||
| LOK | |0 004 838490239 | ||
| LOK | |0 005 20170316090023 | ||
| LOK | |0 008 170208||||||||||||||||ger||||||| | ||
| LOK | |0 040 |a DE-21 |c DE-627 |d DE-21 | ||
| LOK | |0 852 |a DE-21 | ||
| LOK | |0 852 1 |c KB 20 A 8587 |9 00 | ||
| LOK | |0 935 |a krim | ||
| LOK | |0 938 |a 1703 |f 34 | ||
| LOK | |0 939 |a 08-02-17 |b l01 | ||
| LOK | |0 000 xxxxxcx a22 zn 4500 | ||
| LOK | |0 001 3229793536 | ||
| LOK | |0 003 DE-627 | ||
| LOK | |0 004 838490239 | ||
| LOK | |0 005 20161123091151 | ||
| LOK | |0 008 160608||||||||||||||||ger||||||| | ||
| LOK | |0 040 |a DE-21-58 |c DE-627 |d DE-21-58 | ||
| LOK | |0 852 |a DE-21-58 | ||
| LOK | |0 852 1 |c A V 280 |m p |9 00 | ||
| LOK | |0 935 |a tsh0 | ||
| LOK | |0 936ln |a A V | ||
| LOK | |0 938 |a 1606 | ||
| LOK | |0 938 |k p | ||
| LOK | |0 939 |a 08-06-16 |b l01 | ||
| LOK | |0 000 xxxxxcx a22 zn 4500 | ||
| LOK | |0 001 3229793706 | ||
| LOK | |0 003 DE-627 | ||
| LOK | |0 004 838490239 | ||
| LOK | |0 005 20160719084636 | ||
| LOK | |0 008 160613||||||||||||||||ger||||||| | ||
| LOK | |0 040 |a DE-Frei85 |c DE-627 |d DE-Frei85 | ||
| LOK | |0 852 |a DE-Frei85 | ||
| LOK | |0 852 1 |m p |9 00 | ||
| LOK | |0 938 |k p | ||
| LOK | |0 939 |a 13-06-16 |b l01 | ||
| ORI | |a SA-MARC-krimdoka001.raw | ||
| SIG | |a UB: KB 20 A 8587 | ||
